Gross, Jan Tomasz, 1947-. Sa̜siedzi. - Sejny. - 2000 [Rezension]
| Titel: | Gross, Jan Tomasz, 1947-. Sa̜siedzi. - Sejny. - 2000 [Rezension] |
|---|---|
| Verfasser: | |
| In: |
Studia Łomżyńskie, Band 11 (2000), Seite 278-281 alle Artikel anzeigen |
| Veröffentlicht: | 2000 [2001] |
| Format: | Aufsatz |
| Sprache: | Polnisch |
X
alg: 39486115 001A $01999:12-11-16 001B $01999:03-08-21 $t21:04:42.000 001D $01999:12-11-16 001U $0utf8 001X $00 002@ $0Aox 003@ $0394861159 007A $0394861159 $aHEB 007T $0Herd58387 010@ $apol 011@ $a2000 $n2000 [2001] 021A $aGross, Jan Tomasz, 1947-. Sa̜siedzi. - Sejny. - 2000 [Rezension] 028A $aGwardiak $dJanusz 031A $d11 $h278-281 $j2000 039B $aIn $8--Abvc--. Studia Łomżyńskie. - Łomża : LTN, 1989-. - ISSN 0860-7249 $x200000000110000722 $922006993X 039T $8--Aaa--Gross, Jan Tomasz$Z1947- [Tp1]. Sa̜siedzi. - Sejny, 2000. - 158 S. $910125752X 045F $a900.9438 $eDDC23BSB 045F/01 $a900 045F/03 $g438 lok: 39486115 78 exp: 39486115 78 1 #EPN 201B/01 $018-11-16 $t12:58:13.000 201U/01 $0utf8 203@/01 $0791159744 208@/01 $a12-11-16 $be 209A/01 $a/ $f000 $x00 220C/01 $aTitelaufnehmer: pbb;pg 220C/01 $aHerkunft: IH PAN/PBB Kraków 244Z/01 $2Trx $#Poola $#Lenkija $#Polija $#Polen Land $#Poland $#Lengyelország $#Poľsko $#Polsko $8--Trx--Polska$gkraj $x01 $9391345966 244Z/01 $2Trx $#arvustused $#recenzijos $#Reviews $#recenziók $#recenzje $#recenzie $#recenze $8--Trx--Rezensionen $x02 $9391357441 247C/01 $82080>Marburg/Lahn, Herder-Institut, Forschungsbibliothek, Bibliographieportal $9336309341
| LEADER | 00000caa a22000002c 4500 | ||
|---|---|---|---|
| 001 | 394861159 | ||
| 003 | DE-603 | ||
| 005 | 20210803210442.0 | ||
| 007 | tu | ||
| 008 | 161112s2000 xx |||| | u00||u|pol c | ||
| 035 | |a (DE-599)HEB394861159 | ||
| 040 | |a DE-603 |b ger |c DE-603 |d DE-603 | ||
| 041 | |a pol | ||
| 082 | 0 | 4 | |8 1\u |a 900.9438 |q DE-101 |2 23/BSB |
| 085 | |8 1\u |b 900 | ||
| 085 | |8 1\u |z 2 |s 438 | ||
| 100 | 1 | |a Gwardiak, Janusz | |
| 245 | 0 | 0 | |a Gross, Jan Tomasz, 1947-. Sa̜siedzi. - Sejny. - 2000 [Rezension] |
| 264 | 0 | |c 2000 [2001] | |
| 773 | 0 | 8 | |i In |t Studia Łomżyńskie |d Łomża : LTN, 1989- |x 0860-7249 |g Band 11 (2000), Seite 278-281 |w (DE-603)22006993X |w (DE-600)2535583-1 |
| 787 | 0 | 8 | |i Rezension von |a Gross, Jan Tomasz, 1947- |t Sa̜siedzi |d Sejny, 2000 |h 158 S. |w (DE-603)10125752X |
| 924 | 0 | |9 2080 |a (DE-603)791159744 |b DE-2080 |c HES |d d |g / | |


